Valuation of rural property (Record no. 112487)

MARC details
000 -LEADER
fixed length control field 01219cad a22002535a 4500
001 - CONTROL NUMBER
control field L153370
008 - FIXED-LENGTH DATA ELEMENTS--GENERAL INFORMATION
fixed length control field 110718s2011 xxk f 000 0 eng d
020 ## - INTERNATIONAL STANDARD BOOK NUMBER
International Standard Book Number 9781842196984
035 ## - SYSTEM CONTROL NUMBER
System control number (Sirsi) u153370
041 0# - LANGUAGE CODE
Language code of text/sound track or separate title eng
050 04 - LIBRARY OF CONGRESS CALL NUMBER
Classification number 333.335 $2 20
110 2# - MAIN ENTRY--CORPORATE NAME
Corporate name or jurisdiction name as entry element Royal Institution of Chartered Surveyors
9 (RLIN) 4900
245 00 - TITLE STATEMENT
Title Valuation of rural property
Medium [electronic resource]
Remainder of title [old edition]
250 ## - EDITION STATEMENT
Edition statement 2nd ed.
260 ## - PUBLICATION, DISTRIBUTION, ETC.
Place of publication, distribution, etc. Coventry
Name of publisher, distributor, etc. RICS
Date of publication, distribution, etc. 2011
490 #0 - SERIES STATEMENT
Series statement RICS Guidance Note
520 ## - SUMMARY, ETC.
Summary, etc. This guidance note aims to be a guide and a signpost to the valuation of rural property and general compliance with the RICS Valuation Standards Global and UK (the "Red Book"). It provides information, primarily in list form, on: land classification; assumptions and special assumptions; basis of valuation; and inspection and other considerations.
520 ## - SUMMARY, ETC.
Summary, etc. Superseded by 3rd ed ISBN 9781842196984
590 ## - LOCAL NOTE (RLIN)
Local note KA NTK
651 #4 - SUBJECT ADDED ENTRY--GEOGRAPHIC NAME
Geographic name England and Wales
Chronological subdivision 1543-
690 ## - LOCAL SUBJECT ADDED ENTRY--TOPICAL TERM (OCLC, RLIN)
Topical term or geographic name as entry element PROPERTY-PROPERTY APPRAISAL AND VALUATION
856 41 - ELECTRONIC LOCATION AND ACCESS
Uniform Resource Identifier <a href="https://www.isurv.com/downloads/file/3378/archive_valuation_of_rural_property_2nd_edition_july_2011-june_2018">https://www.isurv.com/downloads/file/3378/archive_valuation_of_rural_property_2nd_edition_july_2011-june_2018</a>
Public note Archived on isurv (subscription required)
942 ## - ADDED ENTRY ELEMENTS (KOHA)
Suppress in OPAC 0
Source of classification or shelving scheme Dewey Decimal Classification
Holdings
Withdrawn status Lost status Source of classification or shelving scheme Damaged status Not for loan Home library Current library Shelving location Date acquired Total Checkouts Full call number Date last seen Copy number Price effective from Koha item type Barcode
  Missing from bundle       London London RICS Boxes 17/08/2011   RICS 2011/35 06/08/2019 2 06/08/2019 Book 30075765
  Missing from bundle       London London RICS Boxes 17/08/2011   RICS 2011/35 06/08/2019 3 06/08/2019 Book 30075764
  Missing from bundle       London London RICS Boxes 17/08/2011   RICS 2011/35 06/08/2019 4 06/08/2019 Archive 30075766
    Dewey Decimal Classification     Virtual Virtual Online 18/07/2011   isurv 24/07/2023 1 06/08/2019 Online material